UM Logo

The student EQ edge : (Record no. 1405)

MARC details
000 -LEADER
fixed length control field 00765nam a22002177a 4500
003 - CONTROL NUMBER IDENTIFIER
control field OSt
005 - DATE AND TIME OF LATEST TRANSACTION
control field 20160920135208.0
008 - FIXED-LENGTH DATA ELEMENTS--GENERAL INFORMATION
fixed length control field 160322b xxu||||| |||| 00| 0 eng d
020 ## - INTERNATIONAL STANDARD BOOK NUMBER
International Standard Book Number 978-1-118-09459-4(pbk)
040 ## - CATALOGING SOURCE
Transcribing agency LIC
082 ## - DEWEY DECIMAL CLASSIFICATION NUMBER
Edition number 2013
Classification number DC 152.402
Item number St34
100 ## - MAIN ENTRY--PERSONAL NAME
9 (RLIN) 4244
Personal name Stein, Steven J.
245 ## - TITLE STATEMENT
Title The student EQ edge :
Remainder of title emotional intelligence and your academic and personal success/
Statement of responsibility, etc. Steven J. Stein [and 2 others].
260 ## - PUBLICATION, DISTRIBUTION, ETC. (IMPRINT)
Place of publication, distribution, etc. San Francisco, CA :
Name of publisher, distributor, etc. Jossey-Bass,
Date of publication, distribution, etc. c2013.
300 ## - PHYSICAL DESCRIPTION
Extent xii, 324 pages :
Other physical details illustrations ;
Dimensions 24 cm
500 ## - GENERAL NOTE
General note Includes bibliographical references (pages 305-314) and index
650 #0 - SUBJECT ADDED ENTRY--TOPICAL TERM
9 (RLIN) 4247
Topical term or geographic name as entry element Emotional intelligence
700 ## - ADDED ENTRY--PERSONAL NAME
9 (RLIN) 4248
Personal name Book, Howard E.
700 ## - ADDED ENTRY--PERSONAL NAME
9 (RLIN) 4249
Personal name Kanoy, Korrel.
942 ## - ADDED ENTRY ELEMENTS (KOHA)
Source of classification or shelving scheme Dewey Decimal Classification
Koha item type Circulation
Holdings
Withdrawn status Lost status Source of classification or shelving scheme Damaged status Not for loan Collection code Home library Current library Date acquired Source of acquisition Total Checkouts Full call number Barcode Date last seen Copy number Price effective from Koha item type
    Dewey Decimal Classification     Circulation UM Digos College - LIC UM Digos College - LIC 01/21/2014 Purchased   DC 152.402 St34 2013 22187 05/15/2025 1 03/22/2016 Circulation